000 00677cam a2200217 4500500
005 20260329004033.0
041 _afre
042 _adc
100 1 0 _ade Oliveira, Victorine
_eauthor
245 0 0 _aMaurice Merleau-Ponty commenté par Sarah Bakewell
260 _c2018.
500 _a24
690 _aExistentialisme
690 _aMaurice Merleau-Ponty
690 _aMerleau-Ponty
690 _aPerception
690 _aPhénoménologie
690 _aSarah Bakewell
786 0 _nPhilosophie magazine | 117 | 3 | 2018-03-01 | p. 35-35 | 1951-1787
856 4 1 _uhttps://shs.cairn.info/magazine-philosophie-magazine-2018-3-page-35?lang=fr&redirect-ssocas=7080
999 _c1829991
_d1829991